Statistics for Top 10 Richest People in the world

Click here to take the quiz!

General Stats

  • This quiz has been taken 27 times
  • The average score is 4 of 10

Answer Stats

HintAnswer% Correct
3Bill Gates
92%
2Jeff Bezos
92%
1Elon Musk
88%
7Warren Buffett
54%
5Mark Zuckerberg
33%
8Larry Page
29%
4Bernard Arnault
17%
10Larry Ellison
17%
9Sergey Brin
17%
6Zhong Shanshan
0%

Score Distribution

Percentile by Number Answered

Percent of People with Each Score

Your Score History

You have not taken this quiz